000 01141nam a2200361 a 4500
003 AR-BaBNM
005 20251128205808.0
008 082120s2002 ||||||||||||||000 | spa||
020 _a84-7738-187-9
040 _cAR-BaBNM
100 1 _aMarín, Fernando
245 0 0 _aEjemplo de diseño curricular para el área de ciencias de la naturaleza
_benseñanza secundaria obligatoria
260 _aMadrid
_bSíntesis
_c1993
300 _a152 p.
_bil., diagr.
490 0 _aAplicación en el aula
_vv. 9
504 _aBibliografía y medios: p. 151-152
650 4 _aMEDIO AMBIENTE NATURAL
650 4 _aENSEÑANZA DE LA FISICA
650 4 _aENSEÑANZA DE LA QUIMICA
650 4 _aPLANIFICACION DEL CURRICULO
650 4 _aUNIDADES DE ENSEÑANZA
650 4 _aOBJETIVOS COGNOSCITIVOS
650 4 _aSELECCION DE MATERIAL DIDACTICO
650 4 _aAPRENDIZAJE MULTISENSORIAL
651 4 _aEspaña
653 _aEDUCACION SECUNDARIA
653 _aDISEÑO CURRICULAR
653 _aENSEÑANZA DE LAS CIENCIAS NATURALES
700 1 _aMurillo, María del Mar
700 1 _aNegro, José Luis
942 _cBK
998 _carturo
999 _c12840
_d12840